000 00204nam a2200097Ia 4500
008 190216s9999||||xx |||||||||||||| ||und||
100 _aT K C Vaduthala
245 0 _aAdheham
260 _bNull
942 _cBK
999 _c24958
_d24958